Regenerative landscapes (Record no. 116131)
[ view plain ]
| 000 -LEADER | |
|---|---|
| fixed length control field | 02014cad a2200313 4500 |
| 001 - CONTROL NUMBER | |
| control field | L159827 |
| 008 - FIXED-LENGTH DATA ELEMENTS--GENERAL INFORMATION | |
| fixed length control field | 040913n2018 000 0 eng u |
| 035 ## - SYSTEM CONTROL NUMBER | |
| System control number | (Sirsi) u159827 |
| 041 ## - LANGUAGE CODE | |
| Language code of text/sound track or separate title | eng |
| 110 2# - MAIN ENTRY--CORPORATE NAME | |
| Corporate name or jurisdiction name as entry element | Royal Institution of Chartered Surveyors |
| 9 (RLIN) | 4900 |
| 245 00 - TITLE STATEMENT | |
| Title | Regenerative landscapes |
| Remainder of title | Rejuvenation of linked livelihoods and catchment ecosystem services |
| Medium | [electronic resource] |
| 260 ## - PUBLICATION, DISTRIBUTION, ETC. | |
| Place of publication, distribution, etc. | London, |
| Name of publisher, distributor, etc. | RICS, |
| Date of publication, distribution, etc. | 2018 |
| 300 ## - PHYSICAL DESCRIPTION | |
| Extent | 54p. |
| 490 #0 - SERIES STATEMENT | |
| Series statement | RICS Research |
| 505 2# - FORMATTED CONTENTS NOTE | |
| Formatted contents note | Introduction -- Research Methods -- Main findings: Rehydrating the drylands -- Reanimating Rajasthan?s desert edge in Alwar District -- Restoring water and livelihoods square by square in Jaipur District -- Water resource recharge elsewhere in India and beyond -- Trees, water and livelihoods -- Restoration of tropical dry evergreen forest on the Coromandel Coast -- Other forest- and tree-related initiatives underpinning SESs -- Landscape management for multiple ecosystem services -- Landscape-scale regeneration of water, nutrients and soils -- Catchment ecosystem services for water quality -- Landscape approaches to water quantity management -- Farming for human wellbeing -- Principles of success -- Acknowledgments -- References -- Appendix 1 Out-scaling regenerative water management across Rajasthan -- Appendix 2 Influencing intensive farming towards a more regenerative path |
| 520 ## - SUMMARY, ETC. | |
| Summary, etc. | Highlights the need and the means for rebuilding carrying capacity across rural, urban and other cultural landscapes, with a significant emphasis on water. |
| 650 24 - SUBJECT ADDED ENTRY--TOPICAL TERM | |
| Topical term or geographic name entry element | SUSTAINABILITY |
| 9 (RLIN) | 6271 |
| 650 24 - SUBJECT ADDED ENTRY--TOPICAL TERM | |
| Topical term or geographic name entry element | ECOSYSTEMS |
| 650 24 - SUBJECT ADDED ENTRY--TOPICAL TERM | |
| Topical term or geographic name entry element | WATER |
| 650 24 - SUBJECT ADDED ENTRY--TOPICAL TERM | |
| Topical term or geographic name entry element | ENVIRONMENTAL AND LAND CONSULTANCY-WATER RESOURCE MANAGEMENT |
| 650 24 - SUBJECT ADDED ENTRY--TOPICAL TERM | |
| Topical term or geographic name entry element | LANDSCAPE MANAGEMENT |
| 650 24 - SUBJECT ADDED ENTRY--TOPICAL TERM | |
| Topical term or geographic name entry element | FORESTATION |
| 650 24 - SUBJECT ADDED ENTRY--TOPICAL TERM | |
| Topical term or geographic name entry element | REGENERATION |
| 651 #4 - SUBJECT ADDED ENTRY--GEOGRAPHIC NAME | |
| Geographic name | United Kingdom |
| 690 ## - LOCAL SUBJECT ADDED ENTRY--TOPICAL TERM (OCLC, RLIN) | |
| Topical term or geographic name as entry element | Environment |
| 9 (RLIN) | 6238 |
| 700 1# - ADDED ENTRY--PERSONAL NAME | |
| Personal name | Everard, M |
| 856 41 - ELECTRONIC LOCATION AND ACCESS | |
| Uniform Resource Identifier | <a href="https://www.rics.org/news-insights/regenerative-landscapes">https://www.rics.org/news-insights/regenerative-landscapes</a> |
| Public note | Available on RICS.org |
| 942 ## - ADDED ENTRY ELEMENTS (KOHA) | |
| Suppress in OPAC | 0 |
| Source of classification or shelving scheme | Dewey Decimal Classification |
| Withdrawn status | Lost status | Source of classification or shelving scheme | Damaged status | Not for loan | Home library | Current library | Shelving location | Date acquired | Total Checkouts | Full call number | Barcode | Date last seen | Copy number | Price effective from | Koha item type |
|---|---|---|---|---|---|---|---|---|---|---|---|---|---|---|---|
| Dewey Decimal Classification | Virtual | Virtual | Online | 09/03/2018 | ONLINE PUBLICATION | 159827-2001 | 25/09/2023 | 1 | 06/08/2019 | Online material |